000 01063cam a2200337 a 4500
001 17232042
003 OSt
005 20240409153853.0
008 120329s2011 enka 000 0 eng d
010 _a 2011410809
015 _aGBB127798
_2bnb
016 7 _a015762397
_2Uk
016 7 _a015820911
_2Uk
020 _a9780857256652
035 _a(OCoLC)ocn751746991
040 _aUKMGB
_cUKMGB
_dCDX
_dYDXCP
_dUAB
_dBTCTA
_dBWK
_dNLE
_dDLC
042 _alccopycat
050 0 0 _aBF76.5
_b.R53 2011
082 0 4 _a001.42 TES 2011
_222
100 1 _aUpton, Dorminic; Upton, Penny;
_916510
245 1 0 _aTest Yourself-Research Methods and Design in Psychology
260 _aExeter :
_bLearning Matters,
_c2011.
300 _axiv, 137 p. :
_bill. ;
_c25 cm.
490 1 _aCritical thinking in psychology
650 0 _aPsychology research
_916511
650 0 _aResearch methods
_916512
830 0 _aCritical thinking in psychology.
_916515
906 _a7
_bcbc
_ccopycat
_d2
_encip
_f20
_gy-gencatlg
942 _2ddc
_cO_SHELF
999 _c8102
_d8102